Hükümet programı (Record no. 7759)

MARC details
000 -BAŞLIK
Sabit Uzunlukta Kontrol Alanı 01155na a2200301 4500
001 - KONTROL NUMARASI
Denetim Alanı 21864
003 - KONTROL NUMARASI IDENTIFIER
Denetim Alanı MIRAKIL
005 - SON İŞLEM TARİHİ VE ZAMANI
Denetim Alanı 20181213155148.0
008 - SABİT-BOY VERİ ELEMANLARI - GENEL BİLGİLER
Sabit Uzunlukta Kontrol Alanı 170208b tu 000 0
035 ## - SİSTEM KONTROL NUMARASI
Sistem Kontrol Numarası 21864
040 ## - KATALOGLAMA KAYNAK
Orijinal Kataloglama Ajansı Milas
Kataloglama Dili tur
Metne Dönüştürmek Ajansı TR-AnCHP
041 ## - DİL KODU
Metin / Ses Parça Veya Ayrı Başlığın Dil Kodu tur
082 ## - DEWEY ONLU SINIFLANDIRMA NUMARASI
Sınıflandırma Numarası 353.04
Ürün Numarası H94 1995
090 ## - SINIFLAMA NUMARASI
Sınıflama Numarası 353.04 H94 1995
245 ## - BAŞLIK TABLOSU
Başlık Hükümet programı
Başlığın Kalan 51'inci hükümeti kurmakla görevli DYP Genel Başkanı ve Başbakan Prof. Dr. Tansu Çiller'in TBMM'ne sunduğu program
-- 10 Ekim 1995
Sorumluluk Tablosu, Vb [Tansu Çiller]
246 ## - UNVAN FORM VARYING
Başlık Doğru / Kısa Başlığı 51'inci hükümeti kurmakla görevli DYP Genel Başkanı ve Başbakan Prof. Dr. Tansu Çiller'in TBMM'ne sunduğu program
246 ## - UNVAN FORM VARYING
Başlık Doğru / Kısa Başlığı 51. hükümet programı
260 ## - YAYIN, DAĞITIM, VB
Yayın, Dağıtım, Vb Yeri Ankara
Yayıncı, Dağıtıcı, Vs Adı Başbakanlık Basımevi
Yayın, Dağıtım, Vb Tarihi 1995
300 ## - FİZİKSEL TANIM
Kapsam 51 s.
Boyutlar 22 sm.
610 ## - KONU KATMA GİRİŞ - TOPLANTI ADI
Giriş Elemanı Olarak Kurumsal Ad Veya Yargı Alanı Adı Çiller Hükümeti
Genel Alt Bölüm Hükümet programı
610 ## - KONU KATMA GİRİŞ - TOPLANTI ADI
Giriş Elemanı Olarak Kurumsal Ad Veya Yargı Alanı Adı Doğru Yol Partisi (DYP)
Genel Alt Bölüm Hükümet programı
650 ## - KONU KATMA GİRİŞ - TOPİKAL DÖNEM
Topikal Süreli Veya Coğrafi Ad Giriş Elemanı Hükümet programları, 1995
650 ## - KONU KATMA GİRİŞ - TOPİKAL DÖNEM
Topikal Süreli Veya Coğrafi Ad Giriş Elemanı 51. Hükümet
Kronolojik Alt Bölümü Hükümet programı
650 ## - KONU KATMA GİRİŞ - TOPİKAL DÖNEM
Topikal Süreli Veya Coğrafi Ad Giriş Elemanı Siyaset ve yönetim
Genel Alt Bölümü Hükümet programları, 1995
Coğrafi Alt Bölümü Türkiye
700 ## - KATMA GİRİŞ - KİŞİSEL İSİM
Kişisel Ad Çiller, Tansu
942 ## - EKLENDİ GİRİŞ ELEMANLARI (KOHA)
Sınıflandırma Veya Raf Düzeni Kaynak
Koha Öğesi Türü Books
999 ## - SİSTEM KONTROL NUMARALARI (KOHA)
Koha Biblionumber 7759
Koha Biblioitemnumber 7759
657 ## - INDEX SÜRE - İŞLEVİ
-- 51. hükümet programı
Holdings
Kalıcı Konum Mevcut Konum Edinme Tarihi Edinim Kaynak Toplam Check-Out'Lar Tam Çağrı Numarası Barkod Tarih Son Görülme İtibaren Geçerli Fiyatlar Koha Öğesi Türü
CHP Kütüphanesi CHP Kütüphanesi 02/08/2017 Bağış   353.04 H94 1995 012914 02/08/2017 02/08/2017 Books